Desarrollo del concepto de Dios en el pensamiento religioso de Juan Ramón Jiménez / (Record no. 139718)

MARC details
000 -LEADER
campo de control de longitud fija 00704nam a2200205 4500
001 - NÚMERO DE CONTROL
campo de control 139718
003 - IDENTIFICADOR DE NÚMERO DE CONTROL
campo de control ES-MaACL
005 - FECHA Y HORA DE LA ÚLTIMA TRANSACCIÓN
campo de control 20231129150658.0
007 - CAMPO FIJO DE DESCRIPCIÓN FÍSICA--INFORMACIÓN GENERAL
campo de control de longitud fija t|
008 - DATOS DE LONGITUD FIJA--INFORMACIÓN GENERAL
campo de control de longitud fija 070214s1966 sp r ||||1| spa d
100 1# - ENTRADA PRINCIPAL--NOMBRE DE PERSONA
Nombre de persona Saz-Orozco, Carlos del.
9 (RLIN) 104115
245 10 - MENCIÓN DEL TÍTULO
Título Desarrollo del concepto de Dios en el pensamiento religioso de Juan Ramón Jiménez /
Mención de responsabilidad, etc. Carlos del Saz-Orozco.
260 ## - PUBLICACIÓN, DISTRIBUCIÓN, ETC.
Lugar de publicación, distribución, etc. Madrid :
Nombre del editor, distribuidor, etc. Razón y Fe,
Fecha de publicación, distribución, etc. 1966.
300 ## - DESCRIPCIÓN FÍSICA
Extensión XX, 236 p., 7 lám. :
Otras características físicas il. ;
Dimensiones 20 cm.
490 1# - MENCIÓN DE SERIE
Mención de serie Formas del espíritu ;
Designación de volumen o secuencia 5
600 14 - PUNTO DE ACCESO ADICIONAL DE MATERIA--NOMBRE DE PERSONA
Nombre de persona Jiménez, Juan Ramón,
Fechas asociadas al nombre 1881-1958-
Subdivisión general Religión
9 (RLIN) 172404
830 1# - PUNTO DE ACCESO ADICIONAL DE SERIE-TÍTULO UNIFORME
Título uniforme Formas del espíritu ;
Designación de volumen o secuencia 5
9 (RLIN) 220261
852 ## - LOCALIZACIÓN
Ubicación ES-MaACL
Número de control de estantería C-29295
Holdings
Estatus retirado Estado de pérdida Estado de daño No para préstamo Biblioteca de origen Biblioteca actual Ubicación en estantería Fecha de adquisición Fuente de adquisición Total de préstamos Signatura topográfica completa Código de barras Visto por última vez Precio de reemplazo Tipo de ítem Koha
        Biblioteca del Ateneo de Madrid Biblioteca del Ateneo de Madrid Depósito 2 17/01/2008     C-29295 1145396 23/02/2023 23/02/2023 Libro impreso